[Event "IV Festival A"]
[Site "Nereto ITA"]
[Date "1999.08.16"]
[Round "6"]
[White "Lazarev, Vladimir"]
[Black "Moyse, Nigel John"]
[Result "1-0"]
[WhiteElo "2501"]
[BlackElo "2130"]
[PlyCount "81"]
[EventDate "1999.08.11"]

1. d4 Nf6 2. c4 g6 3. Nc3 d5 4. Nf3 Bg7 5. Qb3 c6 6. cxd5 cxd5 7. Bg5 Nc6 8. e3
O-O 9. Bxf6 Bxf6 10. Qxd5 Nb4 11. Qxd8 Rxd8 12. Rc1 Bf5 13. a3 Nd3+ 14. Bxd3
Bxd3 15. Kd2 Bf5 16. Ke2 b6 17. Rhd1 Bc8 18. Ne4 Ba6+ 19. Ke1 Bg7 20. Rc7 Kf8
21. Rdc1 Rdc8 22. Kd2 Ke8 23. Rxc8+ Rxc8 24. Rxc8+ Bxc8 25. Nc3 Bb7 26. b4 a6
27. Na4 b5 28. Nc5 Bc8 29. Ne5 f6 30. Nc6 e5 31. dxe5 fxe5 32. e4 Bf6 33. f3
Kf7 34. Na7 Be6 35. Nxe6 Kxe6 36. Nc6 Kd6 37. Nb8 Be7 38. Nxa6 Kc6 39. g3 Bg5+
40. Ke2 Be7 41. Nc5 1-0

[Event "IV Festival A"]
[Site "Nereto ITA"]
[Date "1999.08.16"]
[Round "6"]
[White "Rossi, Giampiero"]
[Black "Rigo, Janos"]
[Result "0-1"]
[WhiteElo "2020"]
[BlackElo "2347"]
[PlyCount "58"]
[EventDate "1999.08.11"]

1. d4 e6 2. c4 d5 3. Nc3 Bb4 4. cxd5 exd5 5. Nf3 c6 6. Qb3 Qe7 7. a3 Bd6 8. Bg5
f6 9. Bh4 Nh6 10. e3 Bg4 11. Be2 Nf5 12. Bg3 O-O 13. Bxd6 Nxd6 14. O-O Nd7 15.
h3 Bh5 16. Rfe1 f5 17. Rac1 Rab8 18. Nd2 Bxe2 19. Rxe2 Rf6 20. f3 Re6 21. Rce1
Qf6 22. Qa4 b5 23. Qxa7 Qd8 24. Qa6 Rc8 25. Nb3 Nc4 26. e4 Ra8 27. Qxa8 Qxa8
28. exd5 Rxe2 29. Rxe2 cxd5 0-1

[Event "IV Festival A"]
[Site "Nereto ITA"]
[Date "1999.08.16"]
[Round "6"]
[White "Scalcione, Michelangelo"]
[Black "Leoncini, Mario"]
[Result "1-0"]
[WhiteElo "2177"]
[BlackElo "2164"]
[PlyCount "43"]
[EventDate "1999.08.11"]

1. Nf3 Nf6 2. c4 e6 3. Nc3 d5 4. d4 Be7 5. Bf4 c5 6. dxc5 Bxc5 7. e3 Nc6 8. a3
O-O 9. Qc2 Qe7 10. O-O-O Rd8 11. g4 dxc4 12. Bxc4 e5 13. Bg5 Rxd1+ 14. Rxd1 Be6
15. Ne4 Bb6 16. Bxf6 gxf6 17. Bxe6 fxe6 18. Rd7 Qf8 19. Neg5 f5 20. Nxe6 Qe8
21. Rg7+ Kh8 22. Qxf5 1-0

[Event "IV Festival A"]
[Site "Nereto ITA"]
[Date "1999.08.16"]
[Round "6"]
[White "Tribuiani, Renato"]
[Black "Sbraccia, Giovanni"]
[Result "1-0"]
[WhiteElo "2128"]
[BlackElo "2134"]
[PlyCount "97"]
[EventDate "1999.08.11"]

1. e4 c6 2. d4 d5 3. exd5 cxd5 4. Bd3 Nc6 5. c3 Nf6 6. Bf4 Bg4 7. Nf3 Qb6 8. b3
e6 9. O-O Be7 10. Nbd2 O-O 11. Qc2 Rac8 12. Qb2 Bxf3 13. gxf3 Nd7 14. Bg3 f5
15. f4 e5 16. dxe5 Ndxe5 17. fxe5 f4 18. c4 fxg3 19. hxg3 Bc5 20. Qc2 Bxf2+ 21.
Kg2 Qe3 22. Bxh7+ Kh8 23. Qd3 Qxd3 24. Bxd3 Be3 25. Nf3 Rfe8 26. Rh1+ Bh6 27.
Rae1 dxc4 28. Bxc4 Na5 29. g4 Nxc4 30. bxc4 Kg8 31. g5 Bxg5 32. Nxg5 Rxc4 33.
Kg3 Rc2 34. a4 Rc5 35. Nf3 Rc4 36. Rh4 Rc3 37. Rf4 Re6 38. Kg4 b6 39. Ng5 Re7
40. e6 Rcc7 41. Kf5 Kf8 42. Kg6+ Ke8 43. Nh7 Kd8 44. Ng5 Kc8 45. Rf8+ Kb7 46.
Rf7 a6 47. Kxg7 Kc8 48. Rxe7 Rxe7+ 49. Kf8 1-0

[Event "IV Festival A"]
[Site "Nereto ITA"]
[Date "1999.08.16"]
[Round "6"]
[White "Van Esch, Sebastian"]
[Black "Suppa, Ercole"]
[Result "0-1"]
[WhiteElo "2166"]
[BlackElo "2140"]
[PlyCount "42"]
[EventDate "1999.08.11"]

1. d4 Nf6 2. c4 g6 3. Nc3 Bg7 4. e4 d6 5. Be2 O-O 6. Nf3 e5 7. O-O Nc6 8. d5
Ne7 9. Ne1 Nd7 10. Nd3 f5 11. Bd2 Kh8 12. b4 Ng8 13. Rc1 Ndf6 14. f3 f4 15. c5
h6 16. cxd6 cxd6 17. Nb5 Rf7 18. Qc2 Ne8 19. a4 Bf8 20. Nxa7 Qb6+ 21. Kh1 Qxa7
0-1

[Event "IV Festival A"]
[Site "Nereto ITA"]
[Date "1999.08.16"]
[Round "6"]
[White "Zaitsev, Vadim"]
[Black "Sibilio, Mario"]
[Result "1/2-1/2"]
[WhiteElo "2411"]
[BlackElo "2336"]
[PlyCount "85"]
[EventDate "1999.08.11"]

1. Nf3 Nf6 2. g3 g6 3. b3 Bg7 4. Bb2 d6 5. d4 a5 6. Bg2 O-O 7. c4 a4 8. Nbd2
Nfd7 9. O-O c5 10. Qc1 Nc6 11. d5 Bxb2 12. Qxb2 a3 13. Qc3 Nb4 14. e4 f6 15.
Ne1 b5 16. cxb5 Qa5 17. Nc4 Qxb5 18. f4 Nb6 19. Rf2 Nxc4 20. bxc4 Qa4 21. h3
Rb8 22. Nf3 e6 23. dxe6 Bxe6 24. f5 gxf5 25. exf5 Bxf5 26. Nh4 Bd3 27. Rd2 Bg6
28. Nxg6 hxg6 29. Rxd6 Qc2 30. Qxa3 Rbd8 31. Rxd8 Rxd8 32. Rf1 Qxc4 33. Qf3 f5
34. a4 Nc2 35. Qc6 Qd4+ 36. Kh1 Kg7 37. Rf4 Qe5 38. a5 Rd1+ 39. Kh2 Qe3 40.
Qc7+ Kf6 41. Qc6+ Kg7 42. Qc7+ Kf6 43. Qc6+ 1/2-1/2

[Event "IV Festival A"]
[Site "Nereto ITA"]
[Date "1999.08.17"]
[Round "7"]
[White "Lputian, Smbat G."]
[Black "Lazarev, Vladimir"]
[Result "1-0"]
[WhiteElo "2625"]
[BlackElo "2501"]
[PlyCount "111"]
[EventDate "1999.08.11"]

1. d4 d5 2. c4 dxc4 3. Nf3 Nf6 4. e3 e6 5. Bxc4 c5 6. O-O a6 7. Bb3 Nc6 8. Qe2
cxd4 9. Rd1 Be7 10. Nc3 O-O 11. Nxd4 Qc7 12. Nxc6 Qxc6 13. e4 b5 14. Bg5 b4 15.
Bxf6 Bxf6 16. Nd5 exd5 17. Bxd5 Qb5 18. Qxb5 axb5 19. Bxa8 Bg4 20. f3 Rxa8 21.
fxg4 Bxb2 22. Rab1 Bc3 23. Rbc1 h5 24. Rc2 hxg4 25. Kf2 Ra6 26. Rd5 Rh6 27.
Rxb5 Rxh2 28. a3 Rh1 29. axb4 Be1+ 30. Ke2 Bg3 31. Kd3 Rb1 32. e5 Be1 33. Rc4
g3 34. Rf4 Rb2 35. Rb8+ Kh7 36. Rxf7 Kg6 37. Rf1 Bf2 38. Ke4 Rd2 39. b5 Rd4+
40. Kf3 Rd3+ 41. Ke2 Rb3 42. Rd1 Kf5 43. Rd3 Rb2+ 44. Kf3 g5 45. Rf8+ Kxe5 46.
Rg8 Kf6 47. Rd6+ Ke5 48. Rdd8 Rb3+ 49. Kg4 Be3 50. Rge8+ Kf6 51. Rd6+ Kf7 52.
Rb8 Rb4+ 53. Kf5 Rf4+ 54. Ke5 Rf2 55. Rb7+ Ke8 56. Ke6 1-0

[Event "IV Festival A"]
[Site "Nereto ITA"]
[Date "1999.08.18"]
[Round "8"]
[White "Suppa, Ercole"]
[Black "Leoncini, Mario"]
[Result "0-1"]
[WhiteElo "2140"]
[BlackElo "2164"]
[PlyCount "88"]
[EventDate "1999.08.11"]

1. d4 d5 2. Nf3 Nf6 3. e3 e6 4. Bd3 c5 5. c3 Nc6 6. Nbd2 Be7 7. O-O O-O 8. dxc5
Bxc5 9. e4 dxe4 10. Nxe4 Be7 11. Qe2 Qc7 12. Nfg5 g6 13. Qf3 Nxe4 14. Bxe4 f5
15. Bc2 h6 16. Nh3 g5 17. Qh5 Kg7 18. Bb3 Na5 19. Bxg5 Bxg5 20. Nxg5 Nxb3 21.
axb3 hxg5 22. Qxg5+ Kf7 23. Qh5+ Ke7 24. Qh7+ Rf7 25. Qh4+ Ke8 26. Rfd1 Qe7 27.
Qh8+ Rf8 28. Qe5 Rg8 29. Rd3 Qg7 30. Qb5+ Bd7 31. Qxb7 Rd8 32. Rad1 Qe7 33. c4
Rg7 34. Rd6 Qg5 35. g3 Rh7 36. c5 Qh5 37. Qg2 Rc8 38. b4 Bc6 39. Rd8+ Ke7 40.
Qxc6 Rxc6 41. R1d7+ Kf6 42. Rf8+ Ke5 43. f4+ Ke4 44. Rd2 Rb7 0-1

[Event "IV Festival A"]
[Site "Nereto ITA"]
[Date "1999.08.19"]
[Round "9"]
[White "Leoncini, Mario"]
[Black "Szonyi, Kata"]
[Result "1-0"]
[WhiteElo "2164"]
[BlackElo "2101"]
[PlyCount "85"]
[EventDate "1999.08.11"]

1. e4 d5 2. exd5 Nf6 3. d4 Nxd5 4. c4 Nb6 5. Nf3 g6 6. Nc3 Bg7 7. h3 O-O 8. Be3
Nc6 9. Qd2 e5 10. d5 Na5 11. b3 e4 12. Nd4 c5 13. Nde2 Nd7 14. Rd1 f5 15. Bg5
Bf6 16. Bxf6 Nxf6 17. Nf4 b6 18. Be2 Nb7 19. O-O Nd6 20. Qe3 Qe7 21. h4 Re8 22.
Rd2 Ng4 23. Bxg4 fxg4 24. Nb5 Nf5 25. Qc3 e3 26. d6 exf2+ 27. Rfxf2 Qe1+ 28.
Rf1 Qxh4 29. d7 Bxd7 30. Rxd7 Re3 31. Qd2 Rae8 32. Qd5+ Kh8 33. Nd6 Nxd6 34.
Rxd6 Re1 35. Re6 Rxf1+ 36. Kxf1 Rf8 37. Qe5+ Kg8 38. Ke2 g3 39. Re7 Qg4+ 40.
Ke1 Rf7 41. Re8+ Rf8 42. Qd5+ Kg7 43. Ne6+ 1-0

[Event "III Open A"]
[Site "Genova ITA"]
[Date "1999.08.09"]
[Round "1"]
[White "Barosso, Renzo"]
[Black "Grigore, George-Gabriel"]
[Result "0-1"]
[WhiteElo "1794"]
[BlackElo "2526"]
[PlyCount "82"]
[EventDate "1999.08.09"]

1.d4 Nf6 2.c4 g6 3.Nc3 Bg7 4.e4 d6 5.Be2 O-O 6.Nf3 Na6 7.O-O e5 8.d5 Nc5 
9.Qc2 a5 10.b3 Nh5 11.Ne1 Nf4 12.Nd3 Nfxd3 13.Bxd3 Qg5 14.f3 f5 15.Kh1 Qh5
16.Be3 b6 17.Ne2 Nxd3 18.Qxd3 f4 19.Bf2 g5 20.Ng1 Rf6 21.g4 fxg3 22.Bxg3 
Bd7 23.a3 Raf8 24.b4 axb4 25.axb4 g4 26.fxg4 Qxg4 27.Rxf6 Bxf6 28.Rf1 Be8 
29.Qe2 Qd7 30.Qg2 Bg6 31.Qf3 Bg7 32.Qe2 Rxf1 33.Qxf1 Bxe4+ 34.Nf3 Qf5 35.
Kg2 b5 36.cxb5 Bxd5 37.Qe2 Kf7 38.Qe3 Bh6 39.Qe2 Qxf3+ 40.Qxf3+ Bxf3+ 41.
Kxf3 Bd2 0-1

[Event "III Open A"]
[Site "Genova ITA"]
[Date "1999.08.09"]
[Round "1"]
[White "Bogza, Adina-Maria"]
[Black "Carbone, Lorenzo"]
[Result "1-0"]
[WhiteElo "2210"]
[BlackElo "1659"]
[PlyCount "41"]
[EventDate "1999.08.09"]

1.Nf3 c5 2.g3 e6 3.Bg2 Be7 4.O-O Nf6 5.d3 d5 6.Nbd2 O-O 7.e4 dxe4 8.dxe4 
b5 9.a4 b4 10.Re1 Bb7 11.e5 Nd5 12.Ne4 h6 13.Nfd2 Nc6 14.Nc4 Qc7 15.Qg4 
Nxe5 16.Nxe5 Qxe5 17.Bxh6 f5 18.Qh5 gxh6 19.Nxc5 Qg7 20.Nxb7 Nf6 21.Qe2 
1-0

[Event "III Open A"]
[Site "Genova ITA"]
[Date "1999.08.09"]
[Round "1"]
[White "Di Lernia, Ruggero"]
[Black "Ardelean, George Catalin"]
[Result "0-1"]
[WhiteElo "1720"]
[BlackElo "2374"]
[PlyCount "48"]
[EventDate "1999.08.09"]

1.e4 c5 2.Nf3 e6 3.d4 cxd4 4.Nxd4 Nf6 5.Nc3 d6 6.g4 h6 7.Be3 Nc6 8.Rg1 a6 
9.h4 h5 10.gxh5 Nxh5 11.Be2 Nf6 12.h5 Nxd4 13.Bxd4 e5 14.Be3 Be6 15.Bg5 
Qa5 16.Bd2 Qb6 17.Rb1 O-O-O 18.Be3 Qc6 19.Bg5 d5 20.exd5 Bxd5 21.Bg4+ Nxg4
22.Nxd5 Bb4+ 23.c3 Nxf2 24.Qf3 Rxd5 0-1

[Event "III Open A"]
[Site "Genova ITA"]
[Date "1999.08.09"]
[Round "1"]
[White "Frank, Albert"]
[Black "Malfettani, Fabio"]
[Result "1-0"]
[WhiteElo "2051"]
[BlackElo "1477"]
[PlyCount "49"]
[EventDate "1999.08.09"]

1.c4 c6 2.b3 d5 3.Bb2 e6 4.Nf3 Nf6 5.e3 Be7 6.Be2 O-O 7.O-O Ne4 8.Qc2 Bf6 
9.d4 Be7 10.Nfd2 f5 11.f3 Nxd2 12.Nxd2 Nd7 13.e4 fxe4 14.fxe4 dxe4 15.
Rxf8+ Nxf8 16.Nxe4 Bd7 17.Rf1 Ng6 18.Bh5 Be8 19.Bg4 Bf7 20.Qf2 Nh8 21.Qg3 
Qb6 22.Kh1 c5 23.dxc5 Bxc5 24.Bxe6 Bf8 25.Nf6# 1-0

[Event "III Open A"]
[Site "Genova ITA"]
[Date "1999.08.09"]
[Round "1"]
[White "Godena, Michele"]
[Black "Corti, Corrado"]
[Result "1-0"]
[WhiteElo "2490"]
[BlackElo "1747"]
[PlyCount "61"]
[EventDate "1999.08.09"]

1.e4 c6 2.d4 d5 3.Nc3 dxe4 4.Nxe4 Bf5 5.Ng3 Bg6 6.Bc4 e6 7.N1e2 Nf6 8.O-O 
Be7 9.Nf4 Nd5 10.Nxg6 hxg6 11.Ne4 Nd7 12.Re1 N7f6 13.Ng5 Nh5 14.Nf3 Qc7 
15.Bf1 O-O-O 16.c4 Ndf6 17.Qe2 Bb4 18.Rd1 Nf4 19.Qc2 g5 20.g3 Nh3+ 21.Bxh3
Rxh3 22.Nxg5 Rh5 23.c5 Rdh8 24.h4 Rxh4 25.gxh4 Rxh4 26.Nf3 Ng4 27.Qe2 Rh3 
28.Ne5 Nxf2 29.Qxf2 Qe7 30.Kg2 Rh5 31.Rh1 1-0

[Event "III Open A"]
[Site "Genova ITA"]
[Date "1999.08.09"]
[Round "1"]
[White "Horvath, Csaba"]
[Black "Bernago, Federico"]
[Result "1-0"]
[WhiteElo "2509"]
[BlackElo "1789"]
[PlyCount "57"]
[EventDate "1999.08.09"]

1.e4 c5 2.Nf3 e6 3.d3 Nc6 4.g3 d6 5.Bg2 Be7 6.O-O Rb8 7.c3 Nf6 8.Re1 O-O 
9.Nbd2 Qc7 10.a3 a5 11.d4 b5 12.Nf1 b4 13.d5 exd5 14.exd5 Ne5 15.Nxe5 dxe5
16.Ne3 Bd6 17.Nc4 Ba6 18.Nxd6 Qxd6 19.axb4 axb4 20.Bd2 Bc4 21.cxb4 cxb4 
22.Bg5 Rfd8 23.Re3 h6 24.Bxf6 Qxf6 25.Rc1 Bb5 26.Qe1 Re8 27.Rb3 e4 28.Rxb4
e3 29.fxe3 1-0

[Event "III Open A"]
[Site "Genova ITA"]
[Date "1999.08.09"]
[Round "1"]
[White "Orsenigo, Davide"]
[Black "Bemporad, Filippo"]
[Result "0-1"]
[WhiteElo "1500"]
[BlackElo "2059"]
[PlyCount "48"]
[EventDate "1999.08.09"]

1.e4 c5 2.Nf3 d6 3.d4 cxd4 4.Nxd4 Nf6 5.Nc3 e6 6.Bd3 Nc6 7.Be3 Be7 8.Qd2 
Qc7 9.f3 a6 10.O-O-O Ne5 11.g4 Nc4 12.Bxc4 Qxc4 13.h4 b5 14.Qd3 Bb7 15.Nb3
Qc7 16.Ne2 d5 17.exd5 Nxd5 18.Bd2 b4 19.g5 O-O-O 20.Nbd4 Kb8 21.Rh3 e5 22.
Nf5 Nc3 23.Qe3 Bc5 24.Nfd4 Nxd1 0-1

[Event "III Open A"]
[Site "Genova ITA"]
[Date "1999.08.09"]
[Round "1"]
[White "Turci, Alberto"]
[Black "Dervishi, Erald"]
[Result "0-1"]
[WhiteElo "1752"]
[BlackElo "2496"]
[PlyCount "74"]
[EventDate "1999.08.09"]

1.f4 Nf6 2.e3 d5 3.Nf3 e6 4.d4 Be7 5.Bd3 b6 6.Qe2 Bb7 7.Nbd2 O-O 8.O-O c5 
9.c3 Nbd7 10.Ne5 Qc7 11.Qf3 Ne8 12.Qh5 Ndf6 13.Qf3 Nd6 14.g4 Nfe4 15.g5 f6
16.gxf6 Bxf6 17.Qg4 Rae8 18.Ndf3 Nf5 19.Bxe4 dxe4 20.Ng5 cxd4 21.exd4 Bxe5
22.fxe5 e3 23.Bxe3 Qc6 24.Rf3 Nxe3 25.Rxf8+ Rxf8 26.Qxe6+ Qxe6 27.Nxe6 Rf5
28.Re1 Nc4 29.Re2 Bd5 30.Nc7 Bf3 31.Re1 Kf8 32.b3 Nd2 33.Re3 Bb7 34.d5 
Nf3+ 35.Kg2 Nxe5 36.c4 Ke7 37.Ne6 Kd6 0-1

[Event "III Open A"]
[Site "Genova ITA"]
[Date "1999.08.09"]
[Round "1"]
[White "Valentini, Angelo"]
[Black "Cebalo, Miso"]
[Result "0-1"]
[WhiteElo "1747"]
[BlackElo "2453"]
[PlyCount "72"]
[EventDate "1999.08.09"]

1.d4 Nf6 2.c4 g6 3.Nc3 Bg7 4.e4 d6 5.Nge2 O-O 6.Ng3 c5 7.d5 e6 8.Be2 exd5 
9.cxd5 a6 10.a4 Nbd7 11.O-O Rb8 12.Bf4 Qe7 13.Qd2 Re8 14.Bh6 Qf8 15.Bxg7 
Qxg7 16.f4 h5 17.Qc2 Nf8 18.Rae1 Bg4 19.h3 Bxe2 20.Rxe2 h4 21.Nh1 N8d7 22.
Nf2 Nh5 23.Nh1 b5 24.axb5 axb5 25.Kh2 c4 26.g4 hxg3+ 27.Nxg3 Nxg3 28.Kxg3 
Nc5 29.Nd1 Nb3 30.Qc3 Qd4 31.Qxd4 Nxd4 32.Re3 b4 33.Kf2 Rb5 34.Rg1 Kf8 35.
f5 gxf5 36.exf5 Nxf5 0-1

[Event "III Open A"]
[Site "Genova ITA"]
[Date "1999.08.10"]
[Round "2"]
[White "Ardelean, George Catalin"]
[Black "Cehic, Goran"]
[Result "1/2-1/2"]
[WhiteElo "2374"]
[BlackElo "2157"]
[PlyCount "26"]
[EventDate "1999.08.09"]

1.e4 e6 2.Nf3 d5 3.e5 c5 4.b4 c4 5.a3 a5 6.b5 Qb6 7.a4 Bc5 8.Qe2 Ne7 9.Ba3
Nd7 10.d3 cxd3 11.cxd3 Nf5 12.Ra2 h5 13.g3 Bxa3 1/2-1/2

[Event "III Open A"]
[Site "Genova ITA"]
[Date "1999.08.10"]
[Round "2"]
[White "Barlocco, Carlo"]
[Black "Godena, Michele"]
[Result "0-1"]
[WhiteElo "2161"]
[BlackElo "2490"]
[PlyCount "50"]
[EventDate "1999.08.09"]

1.c4 e5 2.Nc3 Bb4 3.g3 Bxc3 4.bxc3 d6 5.Bg2 Ne7 6.Rb1 Nbc6 7.e3 O-O 8.Ne2 
b6 9.O-O Be6 10.d3 Qd7 11.f4 Bh3 12.fxe5 Bxg2 13.Kxg2 dxe5 14.Ba3 Rad8 15.
d4 Na5 16.Qd3 c5 17.Rb5 e4 18.Qb1 Nxc4 19.Bc1 Nd5 20.Kf2 Ndxe3 21.Bxe3 Na3
22.Qxe4 Nxb5 23.dxc5 Rfe8 24.Qf3 bxc5 25.Bxc5 Rxe2+ 0-1

[Event "III Open A"]
[Site "Genova ITA"]
[Date "1999.08.10"]
[Round "2"]
[White "Bemporad, Filippo"]
[Black "Guido, Flavio"]
[Result "0-1"]
[WhiteElo "2059"]
[BlackElo "2367"]
[PlyCount "68"]
[EventDate "1999.08.09"]

1.d4 Nf6 2.Nf3 e6 3.g3 c5 4.Bg2 d5 5.O-O cxd4 6.Nxd4 Bc5 7.c4 Nc6 8.Nxc6 
bxc6 9.Qc2 Be7 10.Rd1 O-O 11.Nc3 Qa5 12.Bd2 Qa6 13.cxd5 cxd5 14.Bf4 Bd7 
15.Qd2 Rac8 16.a3 Rfd8 17.Rac1 Bc6 18.Bg5 h6 19.Bxf6 Bxf6 20.e3 Qb6 21.b4 
Rc7 22.Bf1 d4 23.exd4 Bxd4 24.Qf4 Rcd7 25.Re1 e5 26.Qf5 Rd6 27.Re2 Rf6 28.
Qc2 Bb7 29.Na4 Qd6 30.Bg2 Rc8 31.Nc5 Bxg2 32.Kxg2 Qd5+ 33.Kg1 h5 34.Qb3 
Rxc5 0-1

[Event "III Open A"]
[Site "Genova ITA"]
[Date "1999.08.10"]
[Round "2"]
[White "Capece, Adolivio"]
[Black "Wall, Gavin"]
[Result "1/2-1/2"]
[WhiteElo "2051"]
[BlackElo "2353"]
[PlyCount "77"]
[EventDate "1999.08.09"]

1.c4 c5 2.Nc3 g6 3.g3 Bg7 4.Bg2 Nc6 5.d3 e6 6.Bf4 d6 7.Nf3 Nge7 8.Qd2 Nf5 
9.g4 Nfd4 10.e3 Nxf3+ 11.Bxf3 Qd7 12.Ne4 e5 13.Bh6 Kf8 14.Nf6 Qe6 15.Bxg7+
Kxg7 16.Nd5 Rb8 17.h4 h6 18.O-O-O Ne7 19.Rdg1 Nxd5 20.Bxd5 Qe7 21.f4 b5 
22.f5 Bb7 23.f6+ Qxf6 24.Rf1 Qe7 25.Rxf7+ Qxf7 26.Bxf7 Bxh1 27.Bd5 Bxd5 
28.cxd5 b4 29.d4 exd4 30.exd4 c4 31.Qf4 Rbd8 32.g5 hxg5 33.hxg5 Rhf8 34.
Qh4 Rf1+ 35.Kd2 Rh8 36.Qg3 Rb1 37.Qxd6 Rxb2+ 38.Kc1 Rf2 39.Qe7+ 1/2-1/2

[Event "III Open A"]
[Site "Genova ITA"]
[Date "1999.08.10"]
[Round "2"]
[White "Cebalo, Miso"]
[Black "Astengo, Corrado"]
[Result "1-0"]
[WhiteElo "2453"]
[BlackElo "2164"]
[PlyCount "101"]
[EventDate "1999.08.09"]

1.d4 Nf6 2.c4 e6 3.Nf3 b6 4.a3 Bb7 5.Nc3 d5 6.Bg5 Be7 7.Qa4+ c6 8.Bxf6 
Bxf6 9.cxd5 exd5 10.e3 O-O 11.Bd3 c5 12.Rd1 cxd4 13.Nxd4 Nd7 14.Bb1 Ne5 
15.Qc2 g6 16.O-O Rc8 17.f3 Qe7 18.Rfe1 Nc6 19.Qf2 Nxd4 20.exd4 Qd6 21.Ba2 
Rfe8 22.f4 Bg7 23.g3 Rxe1+ 24.Rxe1 Kf8 25.Kg2 Re8 26.Rd1 Qe6 27.Rd2 Qe3 
28.Qxe3 Rxe3 29.Kf2 Re8 30.Kf3 h5 31.h3 Re6 32.g4 hxg4+ 33.hxg4 Ke7 34.
Bxd5 Bxd5+ 35.Nxd5+ Kd7 36.Ne3 Rc6 37.a4 Rc1 38.Rd3 Ra1 39.b3 Kd6 40.d5 
Rc1 41.Nc4+ Kd7 42.Ne5+ Ke8 43.d6 Bxe5 44.fxe5 Kd7 45.Kf4 Re1 46.Rd4 a5 
47.Rd5 Rf1+ 48.Kg5 Rf3 49.Rb5 Ke6 50.Rxb6 Kd5 51.d7 1-0

[Event "III Open A"]
[Site "Genova ITA"]
[Date "1999.08.10"]
[Round "2"]
[White "Collareta, Giovanni"]
[Black "Horvath, Csaba"]
[Result "0-1"]
[WhiteElo "2163"]
[BlackElo "2509"]
[PlyCount "62"]
[EventDate "1999.08.09"]

1.c4 e5 2.Nc3 Nc6 3.g3 g6 4.Bg2 Bg7 5.d3 d6 6.Rb1 Be6 7.b4 Qd7 8.b5 Nd8 9.
Bd2 Ne7 10.e4 O-O 11.Nd5 Nc8 12.Ba5 Nb6 13.Qc2 f5 14.Ne2 Nf7 15.f4 Rac8 
16.O-O fxe4 17.dxe4 exf4 18.gxf4 c6 19.bxc6 Rxc6 20.Bxb6 Bxd5 21.exd5 Rxb6
22.Rxb6 axb6 23.Qd3 Qc7 24.Bh3 Kh8 25.Kh1 Qc5 26.Nc3 Qa3 27.Rf3 Qc1+ 28.
Kg2 Nh6 29.Ne4 Rxf4 30.Nxd6 Qb2+ 31.Kh1 Be5 0-1

[Event "III Open A"]
[Site "Genova ITA"]
[Date "1999.08.10"]
[Round "2"]
[White "Corti, Corrado"]
[Black "Fracasso Pezzolato, Michele"]
[Result "1-0"]
[WhiteElo "1747"]
[BlackElo "1554"]
[PlyCount "45"]
[EventDate "1999.08.09"]

1.e4 e5 2.Nf3 Nc6 3.d4 exd4 4.Nxd4 Nxd4 5.Qxd4 d6 6.Bc4 Be6 7.O-O Nf6 8.
Nc3 c6 9.Bg5 h6 10.Bh4 g5 11.Bg3 c5 12.Bb5+ Bd7 13.Bxd7+ Kxd7 14.Qa4+ Kc8 
15.Rad1 Nh5 16.e5 Nxg3 17.hxg3 Qd7 18.Qc4 a6 19.exd6 Bxd6 20.Ne4 b5 21.
Nxd6+ Qxd6 22.Qe4 Qb8 23.Qc6+ 1-0

[Event "III Open A"]
[Site "Genova ITA"]
[Date "1999.08.10"]
[Round "2"]
[White "Dervishi, Erald"]
[Black "Sciacca, Massimo"]
[Result "1-0"]
[WhiteElo "2496"]
[BlackElo "2182"]
[PlyCount "94"]
[EventDate "1999.08.09"]

1.e4 e6 2.d4 d5 3.Nd2 c5 4.exd5 exd5 5.Bb5+ Nc6 6.Ngf3 Bd6 7.O-O Ne7 8.
dxc5 Bxc5 9.Nb3 Bd6 10.Bg5 O-O 11.Bh4 Bg4 12.Bg3 Bxg3 13.hxg3 Qb6 14.Be2 
Rfe8 15.Nfd4 Bxe2 16.Nxe2 a5 17.a4 Rad8 18.Re1 d4 19.Nf4 Ng6 20.Nd3 Nge5 
21.Nbc1 Qc7 22.Nxe5 Rxe5 23.Rxe5 Nxe5 24.Nd3 Rc8 25.Nxe5 Qxe5 26.Qd2 Qc5 
27.Re1 h6 28.Re2 b6 29.b3 Qd5 30.Qd3 g6 31.Re4 Rd8 32.g4 Qd6 33.g3 Kg7 34.
Kf1 Qc5 35.Re2 Qd5 36.Kg1 Qc5 37.Rd2 Qb4 38.Rd1 Qc5 39.c3 Qg5 40.cxd4 Qxg4
41.d5 h5 42.Qc3+ Kg8 43.Rd4 Qg5 44.d6 Qf5 45.d7 Kg7 46.Qc7 Qf6 47.Rf4 Qe7 
1-0

[Event "III Open A"]
[Site "Genova ITA"]
[Date "1999.08.10"]
[Round "2"]
[White "Di Paolo, Raffaele"]
[Black "Basciu, Simone"]
[Result "1-0"]
[WhiteElo "2294"]
[BlackElo "2080"]
[PlyCount "39"]
[EventDate "1999.08.09"]

1.e4 c5 2.Nf3 Nc6 3.d4 cxd4 4.Nxd4 Nf6 5.Nc3 d6 6.Bc4 Bd7 7.Bb3 g6 8.h3 
Rc8 9.O-O Bg7 10.Be3 Na5 11.f4 O-O 12.e5 Ne8 13.e6 Nxb3 14.exd7 Rxc3 15.
bxc3 Nxa1 16.dxe8=Q Qxe8 17.Qxa1 Qa4 18.Qb2 b6 19.Qb3 Qa6 20.f5 1-0

[Event "III Open A"]
[Site "Genova ITA"]
[Date "1999.08.10"]
[Round "2"]
[White "Drei, Andrea"]
[Black "Bogza, Oana"]
[Result "1-0"]
[WhiteElo "2349"]
[BlackElo "2086"]
[PlyCount "65"]
[EventDate "1999.08.09"]

1.e4 d6 2.d4 Nf6 3.Nc3 g6 4.Nf3 Bg7 5.h3 O-O 6.Be3 c6 7.a4 Qc7 8.Qd2 e5 9.
dxe5 dxe5 10.Rd1 Re8 11.Bc5 Nbd7 12.Bd6 Qb6 13.Bc4 h6 14.O-O Nh5 15.Kh2 
Nf4 16.Ne2 Nxe2 17.Qxe2 Nf8 18.b4 a5 19.Bc5 Qc7 20.b5 Be6 21.Bd6 Qc8 22.
Nd2 Bxc4 23.Nxc4 Qe6 24.bxc6 bxc6 25.Bc7 Nd7 26.Rd6 Qe7 27.Rxc6 Qb4 28.Nd6
Re6 29.Rc4 Qa3 30.Nb5 Qe7 31.Rd1 Nb6 32.Bxb6 Rxb6 33.Nc7 1-0

[Event "III Open A"]
[Site "Genova ITA"]
[Date "1999.08.10"]
[Round "2"]
[White "Gasperi, Fosco"]
[Black "Bogza, Adina-Maria"]
[Result "0-1"]
[WhiteElo "1803"]
[BlackElo "2210"]
[PlyCount "88"]
[EventDate "1999.08.09"]

1.d4 g6 2.c4 Bg7 3.Nc3 c5 4.d5 Bxc3+ 5.bxc3 f5 6.Nf3 d6 7.g3 Nf6 8.Bg2 Qa5
9.Qc2 Ne4 10.Nd2 Nxd2 11.Bxd2 Nd7 12.O-O Nb6 13.e4 Nxc4 14.Bg5 h6 15.Bf4 
g5 16.Qe2 gxf4 17.Qxc4 Bd7 18.Rfc1 fxg3 19.hxg3 O-O-O 20.exf5 Bxf5 21.Qh4 
Qc7 22.Re1 Rh7 23.c4 Qd7 24.Re3 Rg8 25.Rae1 Rg4 26.Rxe7 Rxe7 27.Qxe7 Qxe7 
28.Rxe7 Rxc4 29.Rf7 Bd7 30.Rf8+ Kc7 31.Rf7 Kd8 32.Rf6 Rd4 33.Rxd6 Kc7 34.
Rxh6 c4 35.Bf3 c3 36.Kg2 b5 37.Rh1 b4 38.Rd1 Rxd1 39.Bxd1 Bf5 40.Kf3 c2 
41.Bxc2 Bxc2 42.Ke3 Bb1 43.Kd4 Bxa2 44.f4 Bxd5 0-1

[Event "III Open A"]
[Site "Genova ITA"]
[Date "1999.08.10"]
[Round "2"]
[White "Grigore, George-Gabriel"]
[Black "Ptaschinski, Dirk"]
[Result "1-0"]
[WhiteElo "2526"]
[BlackElo "2182"]
[PlyCount "65"]
[EventDate "1999.08.09"]

1.d4 d5 2.c4 c6 3.Nc3 dxc4 4.e4 b5 5.a4 b4 6.Na2 e6 7.Bxc4 Nf6 8.f3 a5 9.
Be3 Be7 10.Nc1 Ba6 11.Qe2 O-O 12.Nb3 Bxc4 13.Qxc4 Qb6 14.Ne2 Na6 15.Kf2 
Rac8 16.Rhc1 Nd7 17.Nf4 c5 18.Nd3 cxd4 19.Qxd4 Qxd4 20.Bxd4 Bg5 21.Be3 
Bxe3+ 22.Kxe3 Rfd8 23.Nxa5 Ndc5 24.Nxc5 Rxc5 25.Nb7 Rxc1 26.Rxc1 Rb8 27.
Rc6 Kf8 28.Rxa6 Rxb7 29.a5 Ke7 30.Rb6 Ra7 31.a6 Kd8 32.Kd4 Kc7 33.Rb7+ 1-0

[Event "III Open A"]
[Site "Genova ITA"]
[Date "1999.08.10"]
[Round "2"]
[White "Mateuta, Gabriel"]
[Black "Mazet, Julien"]
[Result "0-1"]
[WhiteElo "2398"]
[BlackElo "2162"]
[PlyCount "102"]
[EventDate "1999.08.09"]

1.d4 Nf6 2.Nf3 g6 3.g3 d5 4.Bg2 Bg7 5.O-O O-O 6.c4 dxc4 7.Ne5 c5 8.d5 Nbd7
9.Nxc4 Nb6 10.Ne3 Bd7 11.Nc3 Ne8 12.a4 Nd6 13.Qb3 Rb8 14.Bd2 Nbc8 15.Qa3 
b6 16.b4 cxb4 17.Qxb4 Nb7 18.Nc4 Ncd6 19.Nxd6 Nxd6 20.Rac1 Rc8 21.Nb5 Rxc1
22.Rxc1 a5 23.Qb3 Nxb5 24.axb5 Qb8 25.Be3 Be5 26.f4 Bd6 27.Bd4 Rc8 28.Rc6 
Bxc6 29.dxc6 Bc5 30.Bxc5 bxc5 31.b6 c4 32.Qb5 c3 33.Qc5 c2 34.h4 c1=Q+ 35.
Qxc1 Qxb6+ 36.Kh2 Qb4 37.Qd1 Qd6 38.Qa4 Qc7 39.h5 gxh5 40.Qb5 e5 41.f5 h4 
42.Qc4 e4 43.Qxe4 Qxg3+ 44.Kh1 h3 45.Bf3 Rd8 46.Qc2 Qe1+ 47.Kh2 Qf2+ 48.
Kxh3 Rd4 49.Be4 Qe3+ 50.Bf3 Qg5 51.Be4 Rd6 0-1

[Event "III Open A"]
[Site "Genova ITA"]
[Date "1999.08.10"]
[Round "2"]
[White "Schembri, Antonio"]
[Black "Orsenigo, Davide"]
[Result "1-0"]
[WhiteElo "1708"]
[BlackElo "1500"]
[PlyCount "79"]
[EventDate "1999.08.09"]

1.e4 c6 2.d4 d5 3.e5 Bf5 4.h4 h6 5.Ne2 e6 6.Ng3 Ne7 7.Bd3 Bxd3 8.Qxd3 Qb6 
9.h5 Nd7 10.O-O O-O-O 11.a4 a5 12.Nd2 c5 13.c3 c4 14.Qc2 Kc7 15.b3 cxb3 
16.Nxb3 Nc6 17.Bd2 Ra8 18.Rfb1 Qa6 19.Nc1 Nb6 20.Rb3 Nc4 21.Nd3 Na3 22.
Rbxa3 Bxa3 23.Rxa3 Qc4 24.Nb2 Qa6 25.Rb3 Rac8 26.Nd3 b6 27.Qb1 Rb8 28.Bc1 
Rb7 29.Ba3 Kc8 30.Bd6 Nd8 31.Qc2 Qc4 32.Nb2 Qc6 33.c4 dxc4 34.Rc3 Kd7 35.
Rxc4 Qd5 36.Nd3 Nc6 37.Nf4 Nxd4 38.Rc7+ Kd8 39.Nxd5 Nxc2 40.Rxb7 1-0